| 000 | 01275naa a22003497a 4500 | ||
|---|---|---|---|
| 001 | BR7907394 | ||
| 003 | BR-BrBNA | ||
| 005 | 20250716093230.0 | ||
| 007 | ta | ||
| 008 | 250630b bl.|||m| |||| 00| 0 por d | ||
| 040 |
_aBR-BrBNA _bpor _cBiblioteca Nacional de Agricultura |
||
| 041 | _a(Pt) | ||
| 072 |
_aF00 _b1540 _b3575 _bG514 |
||
| 090 | _aF00 BR7907394 | ||
| 100 | 1 | _aPinho, J.L.N. de | |
| 100 | 1 | _aMelo, F.I.O. | |
| 100 | 1 | _aTavora, V.V.G. | |
| 100 | 1 | _aOliveira, F.C. de | |
| 245 | 1 | _aObtencao de sementes vegetativas de mandioca utilizando-se a pratica cultural da poda nas condicoes edafo-climaticas do litoral do Ceara [Manihot esculenta, Brasil] | |
| 500 | _aRelatorio anual de pesquisa 1978. Fitotecnia Fortaleza, CE (Brasil): 1979. p. 102-116 [8 tables; Summary (Pt)] (BR7907394-AMS) | ||
| 773 | 0 |
_tRelatorio anual de pesquisa 1978. Fitotecnia _wF00 BR7907394 _gFortaleza, CE (Brasil), 1979. p. 102-116 |
|
| 650 | _aPRATICA CULTURAL | ||
| 650 | _aCOLHEITA | ||
| 650 | _aPODA | ||
| 650 | _aSEMENTE | ||
| 650 | _aFERTILIDADE DO SOLO | ||
| 650 | _aMANDIOCA | ||
| 650 | _aCEARA | ||
| 490 | _aRelatorio Anual de Pesquisa - Empresa de Pesquisa Agropecuaria do Ceara (Brazil) | ||
| 942 |
_cAMS _2AGRIS |
||
| 909 |
_a202506 _bLúcia _c55 _dLúcia Elande |
||
| 999 |
_c333499 _d333499 |
||